Ανάλυση τροφίμων : θεωρία μεθοδολογίας - οργανολογίας και εργαστηριακές ασκήσεις

Αποθηκεύτηκε σε:
Λεπτομέρειες βιβλιογραφικής εγγραφής
Κύριος συγγραφέας: Ανδρικόπουλος, Νικόλαος Κ., 1945-
Μορφή: Βιβλίο
Γλώσσα:Greek
Δημοσίευση: [X.τ.] : Μπιστικέας, c2010.
Θέματα:
Ετικέτες: Προσθήκη ετικέτας
Δεν υπάρχουν, Καταχωρήστε ετικέτα πρώτοι!

MARC

LEADER 00000cam a2200000 i 4500
001 1/27176
008 130307s2010 gr | ||| |||||||gre||
020 |a 9789608737198  |q (χαρτόδετο) 
035 |l 10113967 
040 |a GR-MY-UA  |b gre  |e aacr 
041 0 |a gre 
082 0 |a 664  |2 (22) 
100 1 |a Ανδρικόπουλος, Νικόλαος Κ.,   |d 1945- 
245 1 0 |a Ανάλυση τροφίμων :   |b θεωρία μεθοδολογίας - οργανολογίας και εργαστηριακές ασκήσεις /   |c Νικόλαος Κ. Ανδρικόπουλος.  
260 |a [X.τ.] :   |b Μπιστικέας,   |c c2010.  
300 |a 447 σ. ;   |b σχεδ., πίν. ;   |c 24 εκ.  
650 0 0 |a Food  |x Analysis. 
852 |a INST  |b LEMNOS  |e 20200925  |h 664 ΑΝΔ  |p 005600003502  |q 005600003502  |t BK  |y 0 
852 |a INST  |b LEMNOS  |c EUDOXUS  |e 20130307  |h 664 ΑΝΔ  |p 005600000745  |q 005600000745  |t EDX  |y 0 
852 |a INST  |b LEMNOS  |c EUDOXUS  |e 20141204  |h 664 ΑΝΔ  |p 005600001595  |q 005600001595  |t EDX  |y 0 
901 |a BIBL6-2013-1 
901 |a BIBL6-2014-3 
909 |a Μ  |b 161018 
909 |a Μ  |b 161484 
920 |a Εύδοξος   |b Παραγγελία   |y Λήμνος-ΤΕΤΔ  |z 2013-02 
920 |a Εύδοξος   |b Επιστροφή  |y Λήμνος  |z 2014-12 
970 |a ΤΣΟΥΚΑΛΑ  |b ΑΛΙΚΗ  |z 2013/01/